• 首页
  • 本馆介绍
  • 公告通知
  • 最新文献
  • 馆藏检索
  • 电子资源
  • 读者导购
  • 参考咨询
  • 我的图书馆
  • 登录
  • 详细信息显示
  • 放入我的书架
  • 预约/预借图书
  • 作者相关作品
  • 分类相关作品
  • 丛书相关作品
  • 出版社相关作品

书目信息

  • 表格格式
  • 工作单格式
  • 卡片格式
题名:
学习电路图的方法与技巧
    
 
作者: 王俊峰 编著
分册:  
出版信息: 北京   机械工业出版社  2007
页数: 271页
开本: 26cm
丛书名:
单 册:
中图分类: TM02
科图分类:
主题词: 电路图--识图 , 电路图 , 识图
电子资源:
ISBN: 978-7-111-20350-6
000 00875nam0 2200265 450
001 003400410
005 20080229102206.29
010    @a978-7-111-20350-6@dCNY29.00
035    @a003400410
100    @a20070327d2007 em y0chiy0110 ea
101 0  @achi
102    @aCN@b110000
105    @ay z 000yy
106    @ar
200 1  @a学习电路图的方法与技巧@Axue xi dian lu tu de fang fa yu ji qiao@f王俊峰等编著
210    @a北京@c机械工业出版社@d2007
215    @a271页@d26cm
330    @a本书以电路的基本概念为切入点,继而介绍元器件的结构原理与特性,展开各种应用图例,介绍典型电路和实用电路的原理分析方法、思路、特点和规律,详细叙述电路元器件及电路参数计算的方法与技巧。
606 0  @a电路图@x识图
606 0  @a电路图
606 0  @a识图
690    @aTM02@v4
701  0 @a王俊峰@Awang jun feng@c(电子技术)@4编著
801  0 @aCN@bNLC@c20080229
905    @dTM02@e10@f4
    
    学习电路图的方法与技巧/王俊峰等编著.-北京:机械工业出版社,2007
    271页;26cm
    
    
    ISBN 978-7-111-20350-6:CNY29.00
    本书以电路的基本概念为切入点,继而介绍元器件的结构原理与特性,展开各种应用图例,介绍典型电路和实用电路的原理分析方法、思路、特点和规律,详细叙述电路元器件及电路参数计算的方法与技巧。
●
相关链接 在E读中查询图书 在五车中查询图书 在当当中查询图书 在豆瓣中查询图书


正题名:学习电路图的方法与技巧     索取号:TM02/10         预约/预借

序号 登录号 条形码 馆藏地/架位号 状态 备注
1 0793265   207932656   第二样本阅览室/ [索取号:TM02/10] 在馆    
2 0793266   207932665   第三借阅区/ [索取号:TM02/10] 在馆    
3 0793267   207932674   第三借阅区/ [索取号:TM02/10] 在馆    
4 0793268   207932683   第三借阅区/ [索取号:TM02/10] 在馆    
唐山师范学院图书馆 欢迎您!
大连网信软件有限公司© 版权所有